000 00753nam a2200277Ia 4500
003 OSt
005 20221006144641.0
006 a|||||r|||| 00| 0
007 ta
008 221006b |||||||| |||| 00| 0 eng d
020 _c
_35.00
024 _a12,257
037 _cTextual
040 _aEASL
_cEASL
_beng
041 _2eng
_aeng
082 _aV41.F34, M4
100 _aCHAN Hok-lam
_9108126
245 0 _aLegitimation in imperial China
260 _aLondon
_bUniversity of Washington Press
_c1984
300 _a267p.
_ccm.
490 _v CEL
650 _a Legitimacy of government
_9652526
650 _aChina history chin dynasty
_9652527
942 _hV41.F34, M4
_cTEXL
_2CC
999 _c1080343
_d1080343